Titelliste von The Beatles 1967-1970 ("Blaues Album") - Statistiken

Allgemein
  • Dieses Quiz wurde 88 mal gespielt
  • Das Durchschnittsergebnis liegt bei 15 aus 28
Antwortstatistiken
Antwort % Korrekt
Let It Be
84%
Strawberry Fields Forever
71%
Penny Lane
67%
Hey Judde
65%
A Day in the Life
63%
Back in the U.S.S.R.
59%
Come Together
59%
I Am the Walrus
59%
Get Back
57%
Revolution
57%
Sgt. Pepper’s Lonely Hearts Club Band
57%
Something
57%
The Long and Winding Road
57%
All You Need Is Love
53%
Here Comes the Sun
53%
Lucy in the Sky with Diamonds
53%
Magical Mystery Tour
49%
With a Little Help from My Friends
49%
Don’t Let Me Down
47%
Across the Universe
43%
Lady Madonna
43%
The Ballad of John and Yoko
41%
While My Guitar Gently Weeps
41%
Hello, Goodbye
39%
The Fool on the Hill
37%
Ob-La-Di, Ob-La-Da
35%
Old Brown Shoe
33%
Octopus’s Garden
24%
Keine übereinstimmenden Quizze gefunden
Verteilung der Resultate
Anzahl Personen mit jedem Resultat
Perzentil nach korrekt beantworteten Fragen
Ihre Resultats-Entwicklung
Sie haben dieses Quiz noch nicht gespielt